Представление документа в формате MARC21

Поле Инд. ПП Название Значение
Тип записи a
Библиографический уровень m
001 Контрольный номер 001458703
005 Дата корректировки 20141114160045.9
008 Кодируемые данные 020227s1989 y zzzz 1|rus u
020 a ISBN 5-256-00186-8
c Цена, тираж 70 к.
040 a Служба первич. каталог. RKP
a Служба первич. каталог. НБ ТвГУ
e Правила каталог. PSBO
041 a Код языка текста rus
h Код языка оригинала eng
084 a Индекс другой классификации/Индекс ББК В183.4
084 a Индекс другой классификации/Индекс ББК 16.2.11
090 a Полочн. индекс В183.4
x Авторский знак Б 23
100 1_ a Автор Банди Брайан
q Полное имя Банди Б.
245 a Заглавие Основы линейного программирования
c Ответственность пер. с англ. О. В. Шихеевой ; под ред. В. А. Волынского
260 a Место издания Москва
b Издательство Радио и связь
c Дата издания 1989
300 a Объем 174,[2] с.
b Иллюстрации/ тип воспроизводства ил.
c Размеры 21 см
500 a Примечание Перевод изд.: Basis linear programming / Drian D. Bunday (Edward Arnold)
504 a Библиография Библиогр.: с. 168-169 (18 назв.)
653 a Ключевые слова Линейное программирование
653 1_ a Ключевые слова Симплек-метод
653 1_ a Ключевые слова Транспортная задача
700 1_ a Другие авторы Волынский В. А.
e Роль лиц ред.
700 1_ a Другие авторы Шихеева О. В.
e Роль лиц пер.
901 t Тип документа m
920 a Оператор Шалы
954 a Дата поступления на обработку 20100428